000 00760nam a2200265Ia 4500
003 OSt
005 20220918204348.0
006 a|||||r|||| 00| 0
007 ta
008 220917b |||||||| |||| 00| 0 eng d
024 _a112,343
037 _cTextual
040 _aARTS
_cARTS
_beng
041 _2eng
_aeng
082 _aV52:19.N40<-M70, L5
100 _aLowe C J
245 0 _aItalian foreign policy, 1870-1940
260 _aLondon
_bRoutledge and Kegan Paul
_c1975
300 _axi,476p. illus
_ccm.
490 _aForeign policies of the great powers ed by C J Lowe
650 _aHISTORY
700 _a Marzari F
_9111760
942 _hV52:19.N40<-M70, L5
_cTEXL
_2CC
999 _c235692
_d235692